2022 FIFA World Cup: Best Goalscores - Statistics

General Stats
  • This quiz has been taken 46 times
  • The average score is 15 of 30
Answer Stats
# Country Goalscorer % Correct
8 France Kylian Mbappé
100%
7 Argentina Lionel Messi
100%
2 England Harry Kane
93%
2 Brazil Neymar
88%
4 France Olivier Giroud
86%
4 Argentina Julián Álvarez
81%
3 England Bukayo Saka
76%
3 Brazil Richarlison
76%
3 Spain Álvaro Morata
74%
3 Ecuador Enner Valencia
69%
3 Portugal Gonçalo Ramos
62%
3 England Marcus Rashford
60%
2 Poland Robert Lewandowski
55%
2 Portugal Bruno Fernandes
52%
3 Netherlands Cody Gakpo
50%
2 Germany Kai Havertz
50%
2 Cameroon Vincent Aboubakar
50%
2 Serbia Aleksandar Mitrović
43%
2 Croatia Andrej Kramarić
31%
2 Portugal Rafael Leão
31%
2 Netherlands Wout Weghorst
31%
2 Germany Niclas Füllkrug
29%
2 Switzerland Breel Embolo
26%
2 Iran Mehdi Taremi
26%
2 Morocco Youssef En-Nesyri
21%
2 Spain Ferran Torres
19%
2 Saudi Arabia Salem Al-Dawsari
19%
2 Uruguay Giorgian de Arrascaeta
12%
2 Ghana Mohammed Kudus
10%
2 Japan Ritso Doan
10%
No matching quizzes found
Score Distribution
Percent of People with Each Score
Percentile by Number Answered
Your Score History
You have not taken this quiz